English Premier League Top Goalscorers (2022 -2023 Season) - Statistics

General Stats
  • This quiz has been taken 87 times
  • The average score is 14 of 20
Answer Stats
Team Goals Scored Answer % Correct
Liverpool 19 Mohamed Salah
99%
Manchester City 36 Erling Haaland
96%
Tottenham Hotspur 30 Harry Kane
96%
Arsenal 15 Gabriel Martinelli & Martin Ødegaard
95%
Brentford 20 Ivan Toney
91%
Manchester United 17 Marcus Rashford
88%
Aston Villa 15 Ollie Watkins
83%
Newcastle United 18 Callum Wilson
78%
Chelsea 9 Kai Havertz
75%
Fulham 14 Aleksander Mitrovic
74%
Crystal Palace 10 Eberechi Eze
63%
West Ham United 6 Said Benrahma & Jarrod Bowen
63%
Wolverhampton Wanderers 6 Ruben Neves & Daniel Podence
59%
Southampton 9 James Ward-Prowse
57%
Brighton & Hove Albion 10 Alexis Mac Allister
55%
Leicester City 13 Harvey Barnes
55%
Leeds United 13 Rodrigo
55%
Bournemouth 7 Philip Billing
50%
Nottingham Forest 10 Taiwo Awoniyi
41%
Everton 7 Dwight McNeil
30%
No matching quizzes found
Score Distribution
Percent of People with Each Score
Percentile by Number Answered
Your Score History
You have not taken this quiz